| 000 | 01045nam a22002777a 4500 | ||
|---|---|---|---|
| 005 | 20260227093757.0 | ||
| 008 | 220302b ||||| |||| 00| 0 eng d | ||
| 020 | _a9789327298769 | ||
| 040 | _cAloy | ||
| 041 | _aeng | ||
| 082 |
_223 _a658.001 _bCHOB |
||
| 100 |
_aP N Chopra _9256988 |
||
| 245 | _aBusiness Economics | ||
| 250 | _a8th ed, | ||
| 260 |
_aLudhiana _bKalyani Publishers _c2019 |
||
| 300 |
_aviii,720 p. _bPB _c24x17 cm. |
||
| 365 |
_2Economics _aMLASH21CRB333 _b260.00 _c₹ _d325.00 _e20% _fMLSH21CRB333 _g20-02-2022 |
||
| 520 | _aThe book Principles of Economics has been designed for undergraduate and Post graduate students of various Indian & Foreign universities. The book has been divided into 8 units covering 31 Chapters. | ||
| 650 |
_aBusiness Economics _922278 |
||
| 650 |
_aDemand and its Elasticities _922279 |
||
| 650 |
_aProduction and Costs _922280 |
||
| 650 |
_aForecasting Demand and Profit _922281 |
||
| 650 |
_aMarket Structures and Pricing _922282 |
||
| 650 |
_aFactor Pricing _922283 |
||
| 942 |
_2ddc _cBK |
||
| 999 |
_c221660 _d221660 |
||